000 01267nam a2200313 a 4500
001 ebr10675074
003 CaPaEBR
006 m u
007 cr cn|||||||||
008 130325s2008 nyua sb 001 0 eng d
020 _z9781604564723
020 _z9781616685782 (e-book)
040 _aCaPaEBR
_cCaPaEBR
035 _a(OCoLC)847729122
050 1 4 _aQP363.5
_b.T38 2008eb
082 0 4 _a616.02774
_223
100 1 _aTaupin, Philippe.
245 1 0 _aStem cells and regenerative medicine
_h[electronic resource] .
_nVolume I,
_pAdult neurogenesis and neural stem cells /
_cPhilippe Taupin.
260 _aNew York :
_bNova Biomedical Books,
_c2008.
300 _axiii, 164 p. :
_bill.
490 0 _aStem cells and regenerative medicine ;
_vv. 1
504 _aIncludes bibliographical references and index.
533 _aElectronic reproduction.
_bPalo Alto, Calif. :
_cebrary,
_d2013.
_nAvailable via World Wide Web.
_nAccess may be limited to ebrary affiliated libraries.
650 0 _aDevelopmental neurobiology.
650 0 _aNeural stem cells.
655 7 _aElectronic books.
_2local
710 2 _aebrary, Inc.
856 4 0 _uhttp://site.ebrary.com/lib/rucke/Doc?id=10675074
_zAn electronic book accessible through the World Wide Web; click to view
999 _c57399
_d57399